| 000 | 01539cam a2200325 i 4500 | ||
|---|---|---|---|
| 001 | 18693503 | ||
| 003 | EG-ScBUE | ||
| 005 | 20241107103518.0 | ||
| 008 | 150709t2015 njua f b 001 0 eng d | ||
| 020 | _a9789814623650 | ||
| 020 | _a9814623652 | ||
| 040 |
_aTHD _beng _erda _cTHD _dDLC _dEG-ScBUE |
||
| 082 | 0 | 4 |
_a519.3 _bKEI _222 |
| 100 | 1 |
_aKeiding, Hans, _d1945- _eauthor |
|
| 245 | 1 | 0 |
_aGame theory : _ba comprehensive introduction / _cHans Keiding, University of Copenhagen, Denmark. |
| 264 | 1 |
_aNew Jersey : _bWorld Scientific, _c[2015] |
|
| 264 | 4 | _cc2015 | |
| 300 |
_ax, 308 pages : _billustrations ; _c26 cm |
||
| 336 |
_2rdacontent _atext _btxt |
||
| 337 |
_aunmediated _2rdamedia _bn |
||
| 338 |
_avolume _bnc _2rdacarrier |
||
| 504 | _aIncludes bibliographical references and index. | ||
| 505 | 0 | _a1. Introduction -- 2. Two person zero-sum games -- 3. Applications of minimax theory -- 4. Solutions for general non-cooperative games -- 5. More about nash equilibria -- 6. Games with incomplete information -- 7. Choosing among nash equilibria -- 8. Repeated games -- 9. Selected topics in non-cooperative games -- 10. Introduction to cooperative games -- 11. Bargaining -- 12. TU games: classical solutions -- 13. TU games: other solutions -- 14. Solutions of NTU games: the core -- 15. Values of NTU games -- 16. The theory of game forms. | |
| 650 | 7 |
_aGame theory. _2BUEsh _93340 |
|
| 651 | _2BUEsh | ||
| 653 |
_bBUSADM _cOctober2016 |
||
| 653 |
_bBUSECO _cNovember2016 |
||
| 655 | _vReading book | ||
| 942 |
_2ddc _cBB |
||
| 999 |
_c22774 _d22746 |
||